| 000 | 00348nam a2200145Ia 4500 | ||
|---|---|---|---|
| 008 | 230917s9999||||xx |||||||||||||| ||und|| | ||
| 040 |
_e76977 _aMAIN |
||
| 041 | _aEnglish | ||
| 082 | _a005.133 A64P | ||
| 100 | _aSinghal, Alok | ||
| 245 | 0 | _aProgramming in Java | |
| 260 |
_aNew Delhi _bExcel Books _c2002 |
||
| 300 | _axi, 364 p. | ||
| 942 | _cBK | ||
| 999 |
_c113701 _d113701 |
||